000 00660nam a22001937a 4500
003 OSt
005 20210204113541.0
008 210204b ||||| |||| 00| 0 eng d
020 _a0340614110
040 _cPHNSL
100 _qWhiteley, Sara
245 _aHealth and social care management :
_ba guide to self-development /
_cSara Whiteley, Richard Ellis and Sinclair Broomfield; with a foreword by Frank Clark.
260 _aLondon :
_bArnold,
_c1996.
300 _ax, 220 p.
650 _2Health and social care
_vSocial care management
_xHealth care management
_yHealth management
700 _qEllis, Richard
700 _qBroomfield, Sinclair
942 _2lcc
_cBK
999 _c6
_d6